000 01051cam a22002771i 4500
001 e 11001029
003 DLC
005 20260227111155.0
007 cr_|||||||||||
008 780208s1905 kyu 000 0 eng c
010 _ae 11001029
035 _a(OCoLC)3618587
040 _aLibrary, U.S. Bur. of Education
_cDNIE
_dOCoLC
_dDLC
042 _apremarc
050 0 0 _aF215
_b.M47
051 _aYA 24749
_cCopy no. undetermined.
100 1 _aMayo, A. D.
_q(Amory Dwight),
_d1823-1907.
245 1 4 _aThe government of the South by the plain people,
_cby A.D. Mayo...
260 _a[Berea]
_bPrinted by Printing dept. of Berea college
_c[1905]
300 _acover-title, 32 p.
_c18 1/2 cm.
500 _aAn address delivered to the faculty and students of Berea college, Ky., on May 1, 1905.
530 _aAlso available in digital form on the Internet Archive Web site.
650 0 _aEducation
_zSouthern States.
710 2 _aYA Pamphlet Collection (Library of Congress)
_5DLC
856 4 1 _uhttp://hdl.loc.gov/loc.gdc/scd0001.00144448960
999 _c19183
_d19183